00197nam a22000617a 4500008004100000020001400041245008000055140616b xxu||||| |||| 00| 0 eng d cAvailable aJournal of Propulsion and Power vol-28-N0-10 Jan-Feb 2012cTalley Douglas G